Länder nach Regierungssystemen - Statistiken

Allgemein
  • Dieses Quiz wurde 3 mal gespielt
  • Das Durchschnittsergebnis liegt bei 16 aus 196
Antwortstatistiken
Land Regierungssystem % Korrekt
Brunei | Eswatini | Katar | +2 others Absolute Monarchie
100%
Schweiz Direktorialsystem
50%
China | Eritrea | Kuba | +4 others Einparteiensystem
50%
Andorra | Bahrain | Bhutan | +8 others Konstitutionelle Monarchie
50%
Libyen | Madagaskar | Syrien Übergangsregierung
50%
Albanien | Antigua und Barbuda | Armenien | +71 others Parlamentarisches
0%
Afghanistan | Angola | Argentinien | +58 others Präsidentielles
0%
Slowakei | Ägypten | Algerien | +31 others Semipräsidentielles
0%
Keine übereinstimmenden Quizze gefunden
Verteilung der Resultate
Anzahl Personen mit jedem Resultat
Perzentil nach korrekt beantworteten Fragen
Ihre Resultats-Entwicklung
Sie haben dieses Quiz noch nicht gespielt